| 000 | 00804nam a2200193 i 4500 | ||
|---|---|---|---|
| 001 | 100259 | ||
| 003 | ES-MaACL | ||
| 005 | 20230906182635.0 | ||
| 007 | t| | ||
| 008 | 050923s1958 sp ||||1| spa d | ||
| 100 | 1 |
_aMartínez Sagarra, José María. _978396 |
|
| 245 | 1 | 0 |
_aPasado y presente del prostatismo y de su tratamiento quirúrgico / _cdiscurso leído por Dr. D. José María Martínez Sagarra el 10 mayo de 1958 y contestación del Dr. D. Vicente González Calvo. |
| 260 |
_aValladolid : _bSever Cuesta, _c1958. |
||
| 300 |
_a128 p. ; _c24 cm. |
||
| 500 | _aPrecede al tít.: Real Academia de Medicina y Cirugía de Valladolid. | ||
| 700 | 1 |
_aGonzález Calvo, Vicente. _958483 |
|
| 710 | 2 |
_aReal Academia de Medicina y Cirugía de Valladolid. _96330 |
|
| 852 |
_aES-MaACL _jC-14914 _bR.42310 |
||
| 999 |
_c100259 _d100259 |
||